000 00297 a2200133 4500
001 154553
040 _cEscola São Tomás de Aquino
240 1 0 _aIdéias em contexto
_lpor
245 1 0 _aIdéias em contexto
300 _a153
440 1 _aEditora do Brasil
697 _aRELIGIÃO
942 _cBK
999 _c154553
_d154553